000 00810nam a22002657a 4500
001 115630
003 UA-OsUOA
005 20201130143040.0
007 ta
008 20160112b un ||||| |||| 00| 0 ukr d
040 _aUA-OsUOA
_bukr
_cUA-OsUOA
_dUA-OsUOA
041 _aukr
080 _a821.161.2
090 _a821.161.2
_bК43
100 _aКиріяк І.
245 _aСини землі: повість з українського життя в Канаді
260 _aВінніпег
_bТризуб
_c1973
300 _a360 с.
505 _gт. 2
591 _aРодина Лисиків
650 7 _a82 Література. Літературознавство
_2UDC
942 _cBK
_2udc
955 _a3
999 _c403073
_d403073